|
|
|
|
| LEADER |
00000nam0a2200000 4500 |
| 001 |
186929 |
| 005 |
20231031173830.0 |
| 035 |
|
|
|a (RuTPU)RU\TPU\book\202810
|
| 090 |
|
|
|a 186929
|
| 100 |
|
|
|a 20101108d1981 m y0rusy50 ca
|
| 101 |
0 |
|
|a rus
|
| 102 |
|
|
|a UA
|
| 105 |
|
|
|a y a 000zy
|
| 200 |
1 |
|
|a Сталеплавильное производство
|e библиографическое пособие
|f сост. А. Т. Воропай
|
| 210 |
|
|
|a Днепропетровск
|c Промiнь
|d 1981
|
| 215 |
|
|
|a 68 с.
|
| 300 |
|
|
|a Сост. указан на обороте тит. листа
|
| 610 |
1 |
|
|a сталеплавильное производство
|
| 610 |
1 |
|
|a оборудование
|
| 610 |
1 |
|
|a электрометаллургия
|
| 610 |
1 |
|
|a техника безопасности
|
| 610 |
1 |
|
|a библиографические пособия
|
| 675 |
|
|
|a 669.18(01)
|v 3
|
| 686 |
|
|
|a Я19:669
|v LBC/SL-A
|2 rubbk
|
| 702 |
|
1 |
|a Воропай
|b А. Т.
|g Анастасия Терентьевна
|4 220
|
| 801 |
|
1 |
|a RU
|b 63413507
|c 20101108
|
| 801 |
|
2 |
|a RU
|b 63413507
|c 20110209
|g RCR
|
| 942 |
|
|
|c BK
|